<?xml version="1.0" encoding="UTF-8"?><?xml-stylesheet type="text/xsl" href="static/style.xsl"?><OAI-PMH xmlns="http://www.openarchives.org/OAI/2.0/" xmlns:xsi="http://www.w3.org/2001/XMLSchema-instance" xsi:schemaLocation="http://www.openarchives.org/OAI/2.0/ http://www.openarchives.org/OAI/2.0/OAI-PMH.xsd"><responseDate>2026-04-17T16:05:48Z</responseDate><request verb="GetRecord" identifier="oai:www.recercat.cat:10256/16262" metadataPrefix="marc">https://recercat.cat/oai/request</request><GetRecord><record><header><identifier>oai:recercat.cat:10256/16262</identifier><datestamp>2024-06-13T09:54:09Z</datestamp><setSpec>com_2072_453036</setSpec><setSpec>com_2072_2054</setSpec><setSpec>col_2072_453044</setSpec></header><metadata><record xmlns="http://www.loc.gov/MARC21/slim" xmlns:dcterms="http://purl.org/dc/terms/" xmlns:xsi="http://www.w3.org/2001/XMLSchema-instance" xmlns:doc="http://www.lyncode.com/xoai" xsi:schemaLocation="http://www.loc.gov/MARC21/slim http://www.loc.gov/standards/marcxml/schema/MARC21slim.xsd">
   <leader>00925njm 22002777a 4500</leader>
   <datafield ind2=" " ind1=" " tag="042">
      <subfield code="a">dc</subfield>
   </datafield>
   <datafield ind2=" " ind1=" " tag="720">
      <subfield code="a">Páez de la Torre, Sonia</subfield>
      <subfield code="e">author</subfield>
   </datafield>
   <datafield ind2=" " ind1=" " tag="260">
      <subfield code="c">2015</subfield>
   </datafield>
   <datafield ind2=" " ind1=" " tag="520">
      <subfield code="a">Comunicació presentada a les 'Jornadas Pasado, presente y futuro de los estudios de juventud: 30 años de estudios de juventud en España: Red de Estudios Juventud y Sociedad (1-2 octubre 2015: València)</subfield>
   </datafield>
   <datafield ind2=" " ind1=" " tag="520">
      <subfield code="a">La presente comunicación se deriva de una inquietud mayor, que consiste en indagar en los procesos de&#xd;
empoderamiento de jóvenes entre 20 y 35 años originarios del cono sur de América Latina (Argentina, Uruguay y Chile)&#xd;
que, tras una experiencia migratoria, viven desde hace más de un año en Catalunya. Específicamente interesa&#xd;
conocer cuál es la relación que existe entre el capital social, económico, cultural y simbólico de este colectivo de&#xd;
jóvenes que se encuentra: a) estudiando; b) trabajando; c) estudiando y trabajando; d) ni estudiando ni trabajando; y&#xd;
las posibilidades de empoderamiento que les ofrece el contexto social en el que se insertan (Bourdieu y Ruiz de Elvira,&#xd;
1998; Bourdieu 1999a; 1999b; 2000; 2001; Zimmerman et. al. 2010). El trabajo se desarrolla en el marco del proyecto de&#xd;
investigación I+D HEBE que centra su estudio en: “El empoderamiento de los jóvenes: Análisis de los momentos,&#xd;
espacios y procesos que contribuyen al empoderamiento juvenil” (2014-2016) (Ref. EDU2013-42979)&#xd;
Es necesario realizar entonces, una primera tarea que reúna los estudios que han reflexionado sobre las&#xd;
juventudes inmigrantes. Metodológicamente se ha realizado una revisión bibliográfica exhaustiva de aquella&#xd;
documentación producida entre el 2000 y el 2015 -haciendo uso de las bases de datos más reconocidas a nivel&#xd;
&#xd;
nacional e internacional-, a partir de criterios de búsqueda sustentados en palabras como: inmigración-juventud-&#xd;
Latinoamérica- España/Catalunya.&#xd;
&#xd;
Por lo tanto, este trabajo pretende ser una contribución para avanzar en los estudios sobre juventudes inmigrantes&#xd;
a nivel nacional y para pensar, específicamente, al colectivo de jóvenes inmigrantes latinoamericanos del cono sur&#xd;
que vive en Catalunya</subfield>
   </datafield>
   <datafield ind1="8" ind2=" " tag="024">
      <subfield code="a">http://hdl.handle.net/10256/16262</subfield>
   </datafield>
   <datafield tag="653" ind2=" " ind1=" ">
      <subfield code="a">Apoderament (Ciències socials) -- Congressos</subfield>
   </datafield>
   <datafield tag="653" ind2=" " ind1=" ">
      <subfield code="a">Empowerment (Social sciences) -- Congresses</subfield>
   </datafield>
   <datafield tag="653" ind2=" " ind1=" ">
      <subfield code="a">Joves -- Aspectes socials -- Congressos</subfield>
   </datafield>
   <datafield tag="653" ind2=" " ind1=" ">
      <subfield code="a">Youth -- Social aspects -- Congresses</subfield>
   </datafield>
   <datafield tag="653" ind2=" " ind1=" ">
      <subfield code="a">Joves immigrants -- Catalunya -- Congressos</subfield>
   </datafield>
   <datafield tag="653" ind2=" " ind1=" ">
      <subfield code="a">Youth -- Emigration and immigration -- Catalonia -- Congresses</subfield>
   </datafield>
   <datafield ind2="0" ind1="0" tag="245">
      <subfield code="a">Aproximaciones al estado del arte sobre los estudios de jóvenes inmigrantes del cono sur latinoamericano que viven en Catalunya</subfield>
   </datafield>
</record></metadata></record></GetRecord></OAI-PMH>